Statistics for Every Political Party to Receive at least One Electoral Vote

Click here to take the quiz!

General Stats

  • This quiz has been taken 62 times
  • The average score is 11 of 20

Answer Stats

First ElectionParty of Record% Correct
1828Democratic
100%
1856Republican
98%
1792Democratic-Republican
87%
1788Federalist (Pro-Administration )
87%
2016Green (VP only)
83%
1836Whig
81%
1972Libertarian
74%
1912Progressive
69%
1856American
57%
1788Anti-Federalist
41%
1892Populist
41%
1948States' Rights Democratic
41%
1968American Independent
39%
1832Anti-Masonic
35%
1828National Republican
31%
1864National Union
31%
1860Constitutional Union
30%
1872Liberal Republican
28%
1832Nullifier
24%
1792Independant
22%

Score Distribution

Percentile by Number Answered

Percent of People with Each Score

Your Score History

You have not taken this quiz